LEADER 01068nam0-2200337---450- 001 990009831940403321 005 20140304141719.0 010 $a978-88-6627-050-8 035 $a000983194 035 $aFED01000983194 035 $a(Aleph)000983194FED01 035 $a000983194 100 $a20140304d2012----km-y0itay50------ba 101 1 $aita 102 $aIT 105 $aa-------001yy 200 1 $a9 miliardi di posti a tavola$ela nuova geopolitica della scarsità di cibo$fLester R. Brown$gedizione italiana a cura di Gianfranco Bologna 210 $aMilano$cAmbiente$d2012 215 $a158 p.$cill.$d23 cm 454 0$12001$aFull planet, empty plates$949220 610 0 $aGeneri alimentari$aApprovvigionamento$aSec. 21. 676 $a338.19$v22$zita 700 1$aBrown,$bLester Russell$f<1934- >$033038 702 1$aBologna,$bGianfranco 801 0$aIT$bUNINA$gREICAT$2UNIMARC 901 $aBK 912 $a990009831940403321 952 $aVII C 500$b50567$fFSPBC 959 $aFSPBC 996 $aFull planet, empty plates$949220 997 $aUNINA